000 00236nam a2200097Ia 4500
001 692196
005 20250826161850.0
008 250824s9999 xx 000 0 und d
245 0 _aİhanet Noktası
_cDan Brown
260 _bALTIN KİTAPLAR
999 _c692196
_d692196